| 000 | 00841nam a2200229Ia 4500 | ||
|---|---|---|---|
| 001 | 15945 | ||
| 003 | GE_BSU | ||
| 008 | 181216s||||||||xx |||||||||||||| ||und|| | ||
| 040 | _cGE_BSU | ||
| 080 | _a821.353.1-1 | ||
| 100 | _aჯანგულაშვილი, თეიმურაზ | ||
| 245 | _aსახლი ხელისგულზე | ||
| 245 | _bლექსები | ||
| 245 | _cსარედ.კოლ.გივი გოგიჩაიშვილი.თ.დონჯაშვილი. მ. ლებანიძე და სხვ. მხ.. ბურჯანაძე | ||
| 260 | _aთბილისი | ||
| 260 | _bმერანი | ||
| 260 | _c1975 | ||
| 300 | _a59გვ. ; 20სმ. | ||
| 653 | _aლექსები | ||
| 653 | _aსახლი ხელისგულზე | ||
| 942 | _cBK | ||
| 999 |
_c49039 _d49039 |
||